000 00294nam a2200109Ia 4500
008 190216s9999||||xx |||||||||||||| ||und||
100 _aAdna Ekramer-Rabindranath Tagore
245 4 _aThe King Of Dark Chamber
260 _bMac Millian And Com. Ltd
_c1961
650 _aEnglish Drama
942 _cBK
999 _c11566
_d11566